Regional Differences in Income Distribution in the Slovak Republic

Analýza regionálnej štruktúry príjmov v Slovenskej republike na základe európskej štatistiky EU-SILC 2014. Regionálna štruktúra príjmov, výberové váhy, empirická pravdepodobnostná funkcia, empirická distribučná funkcia, miery koncentrácie.

Guardado en:
Detalles Bibliográficos
Autor principal: Terek, Milan
Otros Autores: Muchová, Eva, 1961-
Formato: Capítulo de libro
Lenguaje:inglés
Materias:
Etiquetas: Agregar Etiqueta
Sin Etiquetas, Sea el primero en etiquetar este registro!

MARC

LEADER 00000nla$a2200000$$$4500
001 0242726
005 20240712120041.2
041 0 |a eng 
044 |a ID 
245 1 0 |a Regional Differences in Income Distribution in the Slovak Republic  |c Milan Terek, Eva Muchová 
520 |a Analýza regionálnej štruktúry príjmov v Slovenskej republike na základe európskej štatistiky EU-SILC 2014. Regionálna štruktúra príjmov, výberové váhy, empirická pravdepodobnostná funkcia, empirická distribučná funkcia, miery koncentrácie. 
610 2 0 |a príjmy 
610 2 0 |a distribúcia 
610 2 0 |a regióny 
610 2 0 |a Slovensko 
100 1 |a Terek, Milan 
700 1 |a Muchová, Eva, 1961-